000 01052nam0a22002891 4500
001 v19\rc\1481078
005 20260529151415.0
035 _a(NLR Aleph) 004614084
090 _a2952545
_c2952545
100 _a20060620d1910 |||y0rusy50 ca
101 0 _arus
102 _aRU
105 _ay j |||||
200 1 _aГрамматика с письменными работами для начальных училищ
_fСост. учитель И.С. Виноградов
205 _a17-е изд., испр.
210 _aМосква
_cкн. маг. В.В. Думнова под фирмою насл. бр. Салаевых
_d1910
215 _aVIII, 232 с.
_d18
700 1 _4220
_7ca
_8rus
_aВиноградов
_bИ. С.
_cучитель
_f1855-
_gИлья Степанович
_92711352
_3RU\NLR\AUTH\770294375
801 0 _aRU
_bNLR
_gpsbo
801 0 _aRU
_bRuMoRGB
_2psbo
801 1 _aRU
_bProSoft-M
_2rusmarc
852 _aNLR
_j38.80.8.42
899 _aRuMoRGB
_jJ 73/386
899 _aБАН
942 _cBOOK
980 _aNB